Online
Catalog

La segunda revolución china / (Record no. 22534)

MARC details
000 -CABECERA
campo de control de longitud fija 00984nam a2200265 a 4500
001 - NÚMERO DE CONTROL
campo de control 000023037
005 - FECHA Y HORA DE LA ÚLTIMA TRANSACCIÓN
campo de control 20200930021939.0
008 - DATOS DE LONGITUD FIJA--INFORMACIÓN GENERAL
campo de control de longitud fija 101124s1977 sp r 000 e spa d
020 ## - NÚMERO INTERNACIONAL ESTÁNDAR DEL LIBRO
Número Internacional Estándar del Libro 8432203157
040 ## - FUENTE DE LA CATALOGACIÓN
Centro catalogador/agencia de origen DO-SdBNP
Lengua de catalogación spa
Centro/agencia transcriptor BNPHU
041 17 - CÓDIGO DE LENGUA
Código de lengua del texto/banda sonora o título independiente spa
Código de lengua original fre
Fuente del código Código de idiomas MARC
082 ## - NÚMERO DE LA CLASIFICACIÓN DECIMAL DEWEY
Número de clasificación 951.24902
Número de documento/Ítem K18s
049 ## - FONDOS LOCALES (OCLC)
Fondos de biblioteca BNGR
100 1# - ENTRADA PRINCIPAL--NOMBRE DE PERSONA
Nombre de persona Karol, K.S.,
Fechas asociadas al nombre 1924-
9 (RLIN) 47401
240 13 - TÍTULO UNIFORME
Título uniforme La deuxième révolution chinoise.
Lenguaje de la obra Español.
245 13 - MENCIÓN DE TÍTULO
Título La segunda revolución china /
Mención de responsabilidad, etc. K.S. Karol ; traducción de Carlos Manzano.
260 ## - PUBLICACIÓN, DISTRIBUCIÓN, ETC.
Lugar de publicación, distribución, etc. Barcelona :
Nombre del editor, distribuidor, etc. Seix Barral,
Fecha de publicación, distribución, etc. 1977.
300 ## - DESCRIPCIÓN FÍSICA
Extensión 620 p. ;
Dimensiones 20 cm.
490 1# - MENCIÓN DE SERIE
Mención de serie Biblioteca Breve
504 ## - NOTA DE BIBLIOGRAFÍA, ETC.
Nota de bibliografía, etc. Incluye referencias bibliográficas y notas al pie de las páginas.
534 ## - NOTA SOBRE LA VERSIÓN ORIGINAL
Frase introductoria Título original en francés:
Mención de título del original La deuxième révolution chinoise.
Publicación, distribución, etc. del original París: Robert Laffont, 1973.
650 #4 - PUNTO DE ACCESO ADICIONAL DE MATERIA--TÉRMINO DE MATERIA
Término de materia o nombre geográfico como elemento de entrada China
Subdivisión general Historia y revolución
Subdivisión cronológica 1966-1969
9 (RLIN) 47402
700 1# - PUNTO DE ACCESO ADICIONAL--NOMBRE DE PERSONA
Nombre de persona Manzano, Carlos,
Término indicativo de función/relación tr.
9 (RLIN) 28137
830 #0 - PUNTO DE ACCESO ADICIONAL DE SERIE-TÍTULO UNIFORME
Título uniforme Biblioteca Breve
9 (RLIN) 13442
Holdings
Estado de retiro Estado de pérdida Restricciones de uso No para préstamo Código de colección Localización permanente Ubicación/localización actual Ubicación en estantería Fecha de adquisición Número de inventario Total de préstamos Signatura topográfica completa Código de barras Fecha visto por última vez Precio válido a partir de Tipo de ítem Koha
    Préstamo interno   Monografías: Libros y Folletos General General En catalogación 24.11.2010 LF1   951.24902 K18s 23037-10 25.06.2020 25.06.2020 Préstamo interno

Powered by Koha